El cheque (Registro nro. 4576)

Detalles MARC
000 -LEADER
fixed length control field 01063 a2200217 4500
001 - CONTROL NUMBER
control field 48366
005 - DATE AND TIME OF LATEST TRANSACTION
control field 20260407155748.0
008 - FIXED-LENGTH DATA ELEMENTS--GENERAL INFORMATION
fixed length control field 260407a1988 arg spa d
003 - CONTROL NUMBER IDENTIFIER
control field AR-UNSa-BCEJYS
040 ## - CATALOGING SOURCE
Original cataloging agency AR-UNSa-BCEJYS
Language of cataloging spa
Transcribing agency AR-UNSa-BCEJYS
080 ## - UNIVERSAL DECIMAL CLASSIFICATION NUMBER
Universal Decimal Classification number 347.748
Common auxiliary subdivision Cheques. Cheques cruzados. Cámaras de compensación
020 ## - INTERNATIONAL STANDARD BOOK NUMBER
International Standard Book Number 978-950-20-0483-9
100 1# - MAIN ENTRY--PERSONAL NAME
Personal name Villegas, Carlos Gilberto
245 10 - TITLE STATEMENT
Title El cheque
Name of part/section of a work nuevo regimen legal, Ley 23.549
264 #1 - PRODUCTION, PUBLICATION, DISTRIBUTION, MANUFACTURE, AND COPYRIGHT NOTICE
Place of production, publication, distribution, manufacture Buenos Aires :
Name of producer, publisher, distributor, manufacturer Abeledo Perrot
Date of production, publication, distribution, manufacture, or copyright notice 1988
300 ## - PHYSICAL DESCRIPTION
Extent 150 p.
Dimensions 23 cm.
505 ## - FORMATTED CONTENTS NOTE
Formatted contents note 1. De la creación y la forma del cheque - 2. De la transmisión - 3. De la presentación y del pago - 4. Del recurso por falta de pago - 5. Del cheque cruzado - 6. Del cheque para acreditar en cuenta - 7. Del cheque imputado - 8. Del cheque certificado - 9. Del cheque de viajero - 10. De la prescripción - 11. Disposiciones supletorias.
590 ## - LOCAL NOTE (RLIN)
Local note niveau_biblio:m niveau_hierar:0
856 41 - ELECTRONIC LOCATION AND ACCESS
Uniform Resource Identifier <a href="https://www.biblioeco.unsa.edu.ar/pmb/images/libros/L45764.png">https://www.biblioeco.unsa.edu.ar/pmb/images/libros/L45764.png</a>
Link text Imagen de portada
Electronic format type image/jpeg
942 ## - ADDED ENTRY ELEMENTS (KOHA)
Koha item type
Existencias
Withdrawn status Lost status Damaged status Not for loan Home library Current library Shelving location Date acquired Total checkouts Full call number Barcode Date last seen Price effective from Koha item type
        Biblioteca Prof. Eusebio Cleto del Rey Biblioteca Prof. Eusebio Cleto del Rey   07/04/2026   347.748 V728 L45764 07/04/2026 07/04/2026 Libro
        Biblioteca Prof. Eusebio Cleto del Rey Biblioteca Prof. Eusebio Cleto del Rey   07/04/2026   347.748 V728 L45766 07/04/2026 07/04/2026 Libro
        Biblioteca Prof. Eusebio Cleto del Rey Biblioteca Prof. Eusebio Cleto del Rey   07/04/2026   347.748 V728 L45768 07/04/2026 07/04/2026 Libro
        Biblioteca Prof. Eusebio Cleto del Rey Biblioteca Prof. Eusebio Cleto del Rey   07/04/2026   347.748 V728 L45765 07/04/2026 07/04/2026 Libro